02868nam a2200265 a 4500001001000000003000500010005001700015007001500032008004100047035001100088040000900099100004200108245020100150260004100351300006000392336002700452337002900479338004000508502002700548520185300575650003702428650003002465700005402495856005302549000103756CHAP20241108141219.0cr ||||||a|c|a110111s2010 mx r 00010 spa d a111878 cCHAP1 aGonzález Sánchez, Antonio Lemuel.10aAminoácidos excitadores, fotoperíodos crecientes y niveles sericos de testosterona en machos caprinosc/por Antonio Lemuel González Sánchez; director de tesis César Alberto Meza Herrera. aBermejillo, Dgo. :bEl autor,c2010. a1 recurso en línea (58 páginas):bcuadros, figuras. 2rdacontentatextobtxt 2rdamediaacomputadorabc 2rdacarrierarecursos en líneabcr bISPcURUZAd2010.gLIC aSe evaluó el uso de la suplementación de L-glutamato sobre el comportamiento hipotalámico-hipofisiario-gonadal en machos caprinos, cuantificando los niveles séricos de testosterona (TESTO), el peso vivo (PV), la condición corporal (CC) y la circunferencia escrotal (CE), dentro de un fotoperiodo natural creciente. El experimento se realizó en la Unidad de Experimentación Caprina Sur, (URUZA-UACH, 25° LN, 103° LO, 1,117 msnm), en marzo. Machos Alpinos (n=6, 24 meses, PV 52.8 ±1.4 kg), recibieron una dieta a libre acceso de heno de alfalfa (14% PC; 1.14Mcal kg-1 ENm) y ensilado de maíz (8.1% PC; 1.62 Mcal kg-1 ENm). Los grupos experimentales consideraron: 1) Grupo L-glutamato (GLUT n=3; PV = 50.30.33 kg, CC= 3.30±0.04 unidades) y 2) Grupo control, (CONT, n=3; PV = PV=49.30.33 kg, 3.40±0.04 unidades). Mientras que el grupo GLUT recibió una infusión de L-glutamato (7 mg kg-1 PV, i.v.) en el tiempo tres (minuto 60) dentro de un muestreo intensivo (180 minutos x 15 min), el grupo CONT recibió una aplicación endovenosa de solución salina. Mientras que el PV (49.83±0.33 kg), la CC (3.20±0.11 unidades) y la CE (24.21±0.77 cm) no difirieron (P>0.05) entre tratamientos, tanto los niveles séricos (0.99 vs. 0.25 ng mL-1) como el patrón de secreción de TESTO a través del tiempo difirieron (P>0.05) entre tratamientos en favor del grupo GLUT. Las infusiones endovenosas de L-glutamato afectaron positivamente el patrón de síntesis y secreción de testosterona bajo un esquema fotico considerado como inhibitorio de la función reproductiva esta latitud. Lo anterior puede ser de significancia tanto biológica como económica en sistemas de producción semi-extensivos e intensivos que utilicen grupos genéticos con alto encaste a grupos raciales enfocados a la producción de leche.14aAminoacidos en nutricion animal.14aGanado cabríoxDurango.1 aMeza Herrera, César AlbertoeDirector de tesis. uhttp://10.13.5.2/tesis/111878.pdfzDESCARGAR PDF